| 000 | 01279cam a2200133 4500500 | ||
|---|---|---|---|
| 005 | 20260329025445.0 | ||
| 041 | _afre | ||
| 042 | _adc | ||
| 100 | 1 | 0 |
_aHuot, Hélène _eauthor |
| 245 | 0 | 0 | _aLa morphologie : Forme et sens des mots du français |
| 260 |
_bArmand Colin,
_c2006. |
||
| 520 | _aPlus des deux tiers des mots du français moderne proviennent du latin, selon une double voie de transmission, populaire et savante. Quelle forme ces mots ont-ils aujourd'hui ? Et pour ceux d'entre eux qui sont construits, c'est-à-dire formés d'une suite d'éléments différents, quels sont ces éléments constitutifs ? Dans quel ordre et selon quels principes ceux-ci sont-ils assemblés, et comment fonctionnent-ils à l'intérieur d'un système de création incessante de mots nouveaux ? En quoi enfin la forme de ces mots nous renseigne-t-elle sur leur interprétation ? Ce sont toutes ces questions - objet de la morphologie - qui sont ici successivement étudiées, dans une optique résolument synchronique, et en des termes tout à fait accessibles. Elles sont illustrées d'une série d'exemples commentés ou rassemblés en listes et tableaux ordonnés. | ||
| 856 | 4 | 1 | _uhttps://shs.cairn.info/la-morphologie--9782200269708?lang=fr&redirect-ssocas=7080 |
| 999 |
_c1937995 _d1937995 |
||